Manévre inovačných firiem

Konkurenčný boj a uplatňovanie inovácií. Zmeny v stratégiách firiem. Zmeny vo firemnej kultúre. Piliere inovatívnej kultúry. Otvorená komunikácia a vytváranie prostredia dôvery. Skúsenosť výrobcu hračiek Lego.

Uložené v:
Podrobná bibliografia
Hlavný autor: Uriga, Ján
Médium: Kapitola
Jazyk:Slovak
Predmet:
Tagy: Pridať tag
Žiadne tagy, Buďte prvý, kto otaguje tento záznam!

MARC

LEADER 00000naa a2200000 4500
001 0177006
005 20231113074940.6
041 0 |a slo 
044 |a SK 
245 1 0 |a Manévre inovačných firiem  |c Ján Uriga 
520 |a Konkurenčný boj a uplatňovanie inovácií. Zmeny v stratégiách firiem. Zmeny vo firemnej kultúre. Piliere inovatívnej kultúry. Otvorená komunikácia a vytváranie prostredia dôvery. Skúsenosť výrobcu hračiek Lego. 
610 2 0 |a riadenie podnikové 
610 2 0 |a riadenie strategické 
610 2 0 |a inovácia 
610 2 0 |a konkurencia 
610 2 0 |a kultúra podniková 
610 2 0 |a firmy 
100 1 |a Uriga, Ján